[Event "Mittelrhein Verbandsliga-M 16/17"]
[Site "Nordrheinwestfalen"]
[Date "2017.04.30"]
[Round "11.5"]
[White "Aquilino, Pasquale"]
[Black "Rosen, Daniel"]
[Result "0-1"]
[WhiteElo "1388"]
[BlackElo "1776"]
[PlyCount "108"]
[EventDate "2016.09.11"]
[EventType "team-tourn"]
[EventRounds "11"]
[EventCountry "GER"]
[SourceTitle "EXT 2022"]
[Source "ChessBase"]
[SourceDate "2021.10.06"]
[SourceVersion "1"]
[SourceVersionDate "2021.10.06"]
[SourceQuality "1"]
[WhiteTeam "Koeln Ford SF"]
[BlackTeam "Rheinpark BSG"]
[WhiteTeamCountry "GER"]
[BlackTeamCountry "GER"]

1. d4 Nf6 2. c4 g6 3. g3 Bg7 4. Bg2 0-0 5. Nf3 d6 6. 0-0 Nc6 7. Nc3 e5 8. d5 Ne7 9. e4 Ne8 10. Qb3 h6 11. Bd2 f5 12. exf5 gxf5 13. Qd1 Ng6 14. Ne2 Nf6 15. Qc1 Kh7 16. h3 Ne4 17. Be1 Rf7 18. Nc3 Ng5 19. Nxg5+ hxg5 20. Bd2 Bf6 21. Ne2 Bd7 22. c5 Bb5 23. Re1 Kg8 24. a4 Bd3 25. c6 b6 26. b4 Rh7 27. f3 e4 28. Ra3 Ne5 29. fxe4 Bxe4 30. Bxe4 fxe4 31. Kg2 Nd3 32. Qb1 Nxe1+ 33. Qxe1 Qe7 34. g4 Re8 35. Ng3 Qe5 36. Bc3 Qf4 37. Bd2 Qf3+ 38. Rxf3 exf3+ 39. Kxf3 Rxe1 40. Bxe1 Rxh3 41. Ke4 Bc3 42. Bxc3 Rxg3 43. Bf6 Rxg4+ 44. Kf5 Rxb4 45. Bxg5 Kf7 46. Bd8 Rxa4 47. Bxc7 Ke7 48. Bb8 a5 49. c7 Rc4 50. Ba7 b5 51. Bb6 b4 52. Bxa5 Kd7 53. c8Q+ Kxc8 54. Ke6 b3 0-1

[Event "Cologne Longerich op 09th"]
[Site "Cologne"]
[Date "2012.08.03"]
[Round "1"]
[White "Herms, Stefan"]
[Black "Aquilino, Pasquale"]
[Result "1-0"]
[WhiteElo "1720"]
[BlackElo "1448"]
[PlyCount "41"]
[EventDate "2012.08.03"]
[EventType "tourn"]
[EventRounds "5"]
[EventCountry "GER"]
[SourceTitle "EXT 2017"]
[Source "ChessBase"]
[SourceDate "2016.10.25"]
[SourceVersion "1"]
[SourceVersionDate "2016.10.25"]
[SourceQuality "1"]

1. e4 c5 2. Nc3 e6 3. g3 g6 4. Bg2 Bg7 5. d3 Nc6 6. Be3 d6 7. Qd2 Qa5 8. Nge2 b5 9. 0-0 b4 10. Nd1 e5 11. f4 Bd7 12. f5 0-0-0 13. c3 b3 14. Nf2 bxa2 15. b4 cxb4 16. Rxa2 bxc3 17. Nxc3 Qc7 18. Nb5 Qb8 19. Rb1 Qa8 20. Nxa7+ Nxa7 21. Rxa7 1-0

[Event "Cologne Ford op 17th"]
[Site "Cologne"]
[Date "2011.04.??"]
[Round "1"]
[White "Gutt, Oswald"]
[Black "Aquilino, Pasquale"]
[Result "1-0"]
[WhiteElo "1907"]
[BlackElo "1418"]
[PlyCount "103"]
[EventDate "2011.04.12"]
[EventType "swiss"]
[EventRounds "7"]
[EventCountry "GER"]
[SourceTitle "EXT 2012"]
[Source "ChessBase"]
[SourceDate "2011.11.24"]
[SourceVersion "1"]
[SourceVersionDate "2011.11.24"]
[SourceQuality "1"]

1. d4 d5 2. Nf3 Nf6 3. e3 e6 4. Bd3 Be7 5. Nbd2 Nbd7 6. Qe2 c5 7. c3 c4 8. Bc2 Qc7 9. e4 g6 10. e5 Nh5 11. Nf1 f5 12. Ng3 Ng7 13. Bh6 Rg8 14. Ng5 Nf8 15. f4 Bd7 16. h4 Qb6 17. Rb1 0-0-0 18. b3 Qa5 19. Qd2 b5 20. b4 Qb6 21. a4 a6 22. 0-0 Kb7 23. Ra1 Bxg5 24. Bxg5 Re8 25. Ra3 h5 26. Rfa1 Nh7 27. Bf6 Nf8 28. axb5 Bxb5 29. Ba4 Ra8 30. Bxb5 Qxb5 31. Ra5 Qb6 32. b5 Nd7 33. bxa6+ Kc7 34. Be7 Ne8 35. a7 Rg7 36. Ra6 Qb7 37. Bd6+ Nxd6 38. exd6+ Kc8 39. Qe3 Nf8 40. R1a5 Qb1+ 41. Kh2 Rb7 42. Rxd5 Raxa7 43. Rxa7 Rxa7 44. Rc5+ Kd7 45. Rxc4 Qb8 46. d5 Rb7 47. dxe6+ Nxe6 48. Qf3 Rb6 49. Ra4 Qxd6 50. Ra7+ Kc8 51. Ne2 Qb8 52. Ra8 1-0

[Event "Cologne Ford op"]
[Site "Cologne"]
[Date "2010.05.31"]
[Round "6"]
[White "Aquilino, Pasquale"]
[Black "Rikowski, Artur"]
[Result "0-1"]
[WhiteElo "1389"]
[BlackElo "1580"]
[PlyCount "82"]
[EventDate "2010.04.19"]
[EventType "swiss"]
[EventRounds "7"]
[EventCountry "GER"]
[SourceTitle "EXT 2011"]
[Source "ChessBase"]
[SourceDate "2010.11.26"]
[SourceVersion "1"]
[SourceVersionDate "2010.11.26"]
[SourceQuality "1"]

1. d4 d5 2. c4 e6 3. Nf3 c6 4. cxd5 exd5 5. e3 Nf6 6. Be2 Bd6 7. Nc3 Bg4 8. h3 Bh5 9. Qb3 Qe7 10. a3 Qc7 11. Ne5 Bxe2 12. Nxe2 Nbd7 13. Nf3 Ne4 14. 0-0 Ndf6 15. Ne5 Rb8 16. Nf3 0-0 17. Qd1 Qe7 18. Nh4 Nh5 19. Nf5 Qf6 20. Nxd6 Qxd6 21. Nf4 Nxf4 22. exf4 f5 23. Qe1 Qg6 24. Kh2 Rbe8 25. Be3 Rf7 26. Rc1 Rfe7 27. Qa5 a6 28. Qa4 Qh5 29. Qd1 Qg6 30. Rc2 Qh6 31. Rg1 Nf6 32. Bc1 Qh4 33. g3 Qh6 34. Kg2 Qg6 35. Be3 h5 36. h4 Ng4 37. Bc1 Qe6 38. Rc3 Qe4+ 39. Qf3 Qxd4 40. Be3 Rxe3 41. fxe3 Qd2+ 0-1

[Event "Cologne Ford op"]
[Site "Cologne"]
[Date "2010.04.19"]
[Round "1"]
[White "Matern, Gerhard"]
[Black "Aquilino, Pasquale"]
[Result "1-0"]
[WhiteElo "1920"]
[BlackElo "1389"]
[PlyCount "77"]
[EventDate "2010.04.19"]
[EventType "swiss"]
[EventRounds "7"]
[EventCountry "GER"]
[SourceTitle "EXT 2011"]
[Source "ChessBase"]
[SourceDate "2010.11.26"]
[SourceVersion "1"]
[SourceVersionDate "2010.11.26"]
[SourceQuality "1"]

1. Nf3 g6 2. g3 Bg7 3. Bg2 Nf6 4. 0-0 0-0 5. c4 c6 6. d3 d6 7. Nc3 Re8 8. Bd2 Nbd7 9. Rb1 Rb8 10. Ne1 Nf8 11. Qa4 a6 12. b4 Bd7 13. h3 Qc8 14. Kh2 d5 15. c5 e5 16. e4 d4 17. Ne2 h6 18. f4 Ra8 19. Nf3 Nh5 20. fxe5 Ne6 21. g4 Ng5 22. Bxg5 hxg5 23. gxh5 g4 24. hxg4 Bxg4 25. hxg6 Qe6 26. gxf7+ Qxf7 27. Ng3 Qf6 28. Qb3+ Kh7 29. Qb2 Qh6+ 30. Kg1 Qe3+ 31. Qf2 Bh6 32. Nh4 Qxf2+ 33. Kxf2 Rxe5 34. Nhf5 Bd2 35. Rh1+ Kg6 36. Rh4 Kg5 37. Rbh1 Rf8 38. Bf3 Bxb4 39. Rxg4+ 1-0

[Event "Cologne Ford op"]
[Site "Cologne"]
[Date "2009.06.15"]
[Round "7"]
[White "Goerner, Florian"]
[Black "Aquilino, Pasquale"]
[Result "1-0"]
[WhiteElo "1295"]
[BlackElo "1431"]
[PlyCount "55"]
[EventDate "2009.04.27"]
[EventType "swiss"]
[EventRounds "7"]
[EventCountry "GER"]
[SourceTitle "EXT 2011"]
[Source "ChessBase"]
[SourceDate "2010.11.26"]
[SourceVersion "1"]
[SourceVersionDate "2010.11.26"]
[SourceQuality "1"]

1. c4 e6 2. Nc3 Nf6 3. g3 g6 4. Bg2 Bg7 5. e3 Nc6 6. Nge2 0-0 7. 0-0 Rb8 8. a3 b6 9. Bxc6 dxc6 10. d4 a6 11. e4 e5 12. d5 cxd5 13. cxd5 Bh3 14. Re1 Bg4 15. f4 Qc8 16. fxe5 Nh5 17. Qd4 Re8 18. Nf4 Bxe5 19. Qf2 c5 20. Nxh5 Bxh5 21. Bf4 Bd4 22. Be3 Bxc3 23. bxc3 Rxe4 24. Bf4 Rxe1+ 25. Rxe1 Rb7 26. Be5 Rd7 27. Qf6 Kf8 28. Qh8+ 1-0

[Event "Cologne Ford op"]
[Site "Cologne"]
[Date "2009.05.25"]
[Round "5"]
[White "Preehl, Franz Josef"]
[Black "Aquilino, Pasquale"]
[Result "1-0"]
[WhiteElo "1750"]
[BlackElo "1431"]
[PlyCount "73"]
[EventDate "2009.04.27"]
[EventType "swiss"]
[EventRounds "7"]
[EventCountry "GER"]
[SourceTitle "EXT 2011"]
[Source "ChessBase"]
[SourceDate "2010.11.26"]
[SourceVersion "1"]
[SourceVersionDate "2010.11.26"]
[SourceQuality "1"]

1. e4 c5 2. Nf3 e6 3. d4 cxd4 4. Nxd4 a6 5. Be2 Nf6 6. Bf3 Nc6 7. Nxc6 bxc6 8. Be3 Rb8 9. b3 Be7 10. 0-0 e5 11. c4 0-0 12. Nc3 d6 13. Qe2 Qc7 14. Rac1 c5 15. Rfd1 Be6 16. Bg5 g6 17. Bxf6 Bxf6 18. Bg4 Bg7 19. Bxe6 fxe6 20. Qg4 Qe7 21. Ne2 Rf7 22. Rc3 Rb7 23. Rcd3 Rd7 24. h4 Rf6 25. Qg5 Qf8 26. Qg3 h5 27. f3 Kh7 28. Nc3 Rf4 29. Na4 d5 30. cxd5 exd5 31. Rxd5 Rdf7 32. Nxc5 Qc8 33. Nd3 Rd7 34. Nxf4 exf4 35. Qxf4 Qc5+ 36. Rxc5 Rxd1+ 37. Kh2 1-0

[Event "Cologne Ford op"]
[Site "Cologne"]
[Date "2009.05.18"]
[Round "4"]
[White "Aquilino, Pasquale"]
[Black "Gillar, Frank"]
[Result "1-0"]
[WhiteElo "1431"]
[BlackElo "1294"]
[PlyCount "105"]
[EventDate "2009.04.27"]
[EventType "swiss"]
[EventRounds "7"]
[EventCountry "GER"]
[SourceTitle "EXT 2011"]
[Source "ChessBase"]
[SourceDate "2010.11.26"]
[SourceVersion "1"]
[SourceVersionDate "2010.11.26"]
[SourceQuality "1"]

1. d4 e6 2. c4 Nf6 3. a3 c5 4. Nf3 Na6 5. Nc3 cxd4 6. Nxd4 Nc7 7. Bg5 a6 8. e4 e5 9. Nf3 Ne6 10. Bh4 d6 11. Bd3 Nf4 12. 0-0 Be7 13. Bg3 N6h5 14. Bc2 0-0 15. Nd5 Nxd5 16. exd5 Nxg3 17. hxg3 Bg4 18. Qd3 f5 19. Nh2 e4 20. Qb3 Bh5 21. Qxb7 Rb8 22. Qxa6 Rxb2 23. Bd1 Bg6 24. Qa7 Bf6 25. Rc1 Rf7 26. Qa6 Bd4 27. Rc2 Qb8 28. Rxb2 Bxb2 29. a4 Ra7 30. Qb5 Rb7 31. Qa5 Ba3 32. Qd2 Bc5 33. g4 h6 34. gxf5 Bxf5 35. Bg4 Rb2 36. Qf4 Bg6 37. Be6+ Kh8 38. Qg3 Bh5 39. Ng4 Bxg4 40. Qxg4 e3 41. fxe3 Bxe3+ 42. Kh1 Rb1 43. Qf3 Bd4 44. Rxb1 Qxb1+ 45. Kh2 Qg1+ 46. Kg3 Be5+ 47. Kg4 Qd4+ 48. Kh3 Qxc4 49. Qf8+ Kh7 50. Bf5+ g6 51. Qf7+ Bg7 52. Bxg6+ Kh8 53. Qe8+ 1-0

[Event "Cologne Ford op"]
[Site "Cologne"]
[Date "2009.05.11"]
[Round "3"]
[White "Brinkmann, Katharina"]
[Black "Aquilino, Pasquale"]
[Result "1-0"]
[WhiteElo "1522"]
[BlackElo "1431"]
[PlyCount "77"]
[EventDate "2009.04.27"]
[EventType "swiss"]
[EventRounds "7"]
[EventCountry "GER"]
[SourceTitle "EXT 2011"]
[Source "ChessBase"]
[SourceDate "2010.11.26"]
[SourceVersion "1"]
[SourceVersionDate "2010.11.26"]
[SourceQuality "1"]

1. d4 d5 2. c4 e6 3. Nc3 Nf6 4. Nf3 Be7 5. e3 0-0 6. h3 c5 7. cxd5 exd5 8. dxc5 Bxc5 9. Bd3 h6 10. 0-0 Nc6 11. a3 a6 12. b4 Ba7 13. Ne2 Ne7 14. Bb2 Nf5 15. Ned4 Nxd4 16. Nxd4 Ne4 17. Qc2 Ng5 18. Nf5 Bxf5 19. Bxf5 Qe7 20. Qc3 d4 21. exd4 Qf6 22. Bg4 Rad8 23. Rad1 Rd6 24. Qc7 Bxd4 25. Bxd4 Rxd4 26. Rxd4 Qxd4 27. Qxb7 Qd6 28. Rc1 Rb8 29. Rc8+ Rxc8 30. Qxc8+ Kh7 31. Qc5 Qf6 32. Qf5+ Qxf5 33. Bxf5+ g6 34. Bd3 Ne6 35. Bxa6 Nc7 36. Bc4 f6 37. b5 Ne8 38. b6 Kg7 39. b7 1-0